000 00497nam a2200205Ia 4500
008 170705s9999 xx 000 0 und d
020 _a9780545000901
245 _aClue crew :
245 _bsleepover sleuths /
245 _cCarolyn Keene ; illustrated by Macky Pamintuan.
260 _aNew York :
260 _bScholastic,
260 _c2006
300 _a81 pages :
300 _bcolor illustration ;
300 _c19cm.
440 _aNancy Drew ;
440 _v1
500 _a580
999 _c335940
_d335940